| 000 | 01197nas a2200265 454500 | ||
|---|---|---|---|
| 001 | 31231 | ||
| 005 | 20260407193508.0 | ||
| 008 | 260407s1996####ag###########|||spa#d | ||
| 003 | AR-UNSa-BCEJYS | ||
| 040 |
_aAR-UNSa-BCEJYS _bspa _cAR-UNSa-BCEJYS |
||
| 080 |
_a330 _xEconomía en general |
||
| 245 | 1 | 0 | _aPropuestas |
| 022 | _a1669-3922 | ||
| 264 | 1 |
_aSan Miguel de Tucumán : _bUniversidad del Norte Santo Tomás de Aquino. Facultad de Economía y Administración _c1996 |
|
| 310 | _aFrecuencia: Irregular Cambia de título por: Propuestas Económicas y Sociales Cambia de Director a partir del Nº 14 por Víctor Iajya ; Juan Mario Jorrat ; Eduardo Ricobelli ; Gustavo Wallberg ; Sebastián Zanoni Cambia de Director a partir del Nº 15 por Ana Cerro | ||
| 041 | _aspa | ||
| 942 | _cSER | ||
| 590 | _aniveau_biblio:s niveau_hierar:1 | ||
| 100 | 1 | _aUniversidad del Norte Santo Tomás de Aquino. Facultad de Economía y Administración | |
| 700 | 1 | _aFontdevilla, Eugenia | |
| 650 | _aCONTABILIDAD | ||
| 650 | _aADMINISTRACION DE EMPRESAS | ||
| 650 | _aECONOMIA | ||
| 856 | 4 | 1 |
_uhttps://biblioeco.unsa.edu.ar/pmb/images/revistas/Reparto o capitalizacion-r.jpg _yImagen de portada _qimage/jpeg |
| 999 |
_c8705 _d8705 |
||